Kraje Graniczące z Austrią (Bez Mapy) - Statystyki

Ogólne statystyki
  • Ten quiz został rozwiązany 37 razy
    29 od ostatniego zresetowania
  • Średni wynik to 8 z 8
Statystyki odpowiedzi
Odpowiedż % Poprawnych
Czechy
96%
Niemcy
96%
Słowacja
96%
Szwajcaria
96%
Słowenia
93%
Węgry
93%
Włochy
93%
Liechtenstein
89%
Nie znaleziono quizów pasujących do podanych kryteriów
Rozkład punktacji
Procent ludzi z każdym wynikiem
Percentyl według liczby udzielonych odpowiedzi
Twoja historia wyników
Nie rozwiązałeś tego quizu od ostatniego zresetowania